000 01249cam a22002894a 4500
005 20090403072342.0
008 080724s2008 ii a b 001 0 eng
010 _aENG-95528
020 _a9780198064060
_c295.00
020 _a0198064063
035 _aEN-79061
037 _bDBAD/PUB
040 _aDPL
245 _aIndia's turn :
_bunderstanding the economic transformation /
_cby Arvind Subramanian.
260 _aNew Delhi :
_bOxford University Press,
_c2009
300 _axvii, 237 p. :
_bill. ;
_c24 cm.(Pbk)
504 _aIncludes bibliographical references and index.
520 _aOn economic policies pursued in Indian economy post 1991 watershed year; articles co-authored with many other writers.
651 _aIndia
_xEconomic policy
_y1991-
700 _aSubramanian, Arvind.
856 _uhttp://www.loc.gov/catdir/enhancements/fy0907/2008331356-b.html
856 _uhttp://www.loc.gov/catdir/enhancements/fy0907/2008331356-d.html
856 _uhttp://www.loc.gov/catdir/enhancements/fy0907/2008331356-t.html
942 _2ddc
_cEN
_mSUB
999 _c31995
_d31995